Analytic geometry (Record no. 3195)

MARC details
000 -LEADER
fixed length control field 00519nam a22001817a 4500
003 - CONTROL NUMBER IDENTIFIER
control field URS
005 - DATE AND TIME OF LATEST TRANSACTION
control field 20220114142420.0
008 - FIXED-LENGTH DATA ELEMENTS--GENERAL INFORMATION
fixed length control field 190527s1974 a|||| |||| 00| 0 eng d
040 ## - CATALOGING SOURCE
Transcribing agency URS
Language of cataloging eng
Modifying agency rda
050 14 - LIBRARY OF CONGRESS CALL NUMBER
Classification number QA 303
Item number .F9654 1974
100 ## - MAIN ENTRY--PERSONAL NAME
Personal name Fuller, Gordon
245 10 - TITLE STATEMENT
Title Analytic geometry
Statement of responsibility, etc. Gordon Fuller
250 ## - EDITION STATEMENT
Edition statement Fourth edition.
260 ## - PUBLICATION, DISTRIBUTION, ETC.
Place of publication, distribution, etc. Massachusetts:
Name of publisher, distributor, etc. Addison Wesley Publishing Company;
Date of publication, distribution, etc. [1974]
300 ## - PHYSICAL DESCRIPTION
Extent ix, 294 pages:
Other physical details with Illustrations;
Dimensions 22 cm.
504 ## - BIBLIOGRAPHY, ETC. NOTE
Bibliography, etc. note Includes index
942 ## - ADDED ENTRY ELEMENTS (KOHA)
Source of classification or shelving scheme Library of Congress Classification
Koha item type Foreign Books
Holdings
Withdrawn status Source of classification or shelving scheme Damaged status Not for loan Home library Current library Date acquired Total Checkouts Full call number Barcode Date last seen Price effective from Koha item type
  Library of Congress Classification     Cainta College Library Cainta College Library 05/25/2018   QA303.F9654 1974 URSCAI-1576 05/25/2018 05/25/2018 Foreign Books
  Library of Congress Classification     Cainta College Library Cainta College Library 05/25/2018   QA303.F9654 1974 URSCAI-1273 05/25/2018 05/25/2018 Foreign Books

University of Rizal System
Email us at univlibservices@urs.edu.ph

Visit our Website www.urs.edu.ph/library